000 00642nam a2200217 i 4500
001 19204
003 ES-MaACL
005 20230906152030.0
007 t|
008 020607s2001 sp ||||1| spa d
020 _a84-8432-301-3
100 1 _aBarrow, John D.
_926078
245 1 3 _aEl libro de la nada /
_cJohn D. Barrow ; traducción castellana de Javier García Sanz.
260 _aBarcelona :
_bCrítica,
_c[2001]
300 _a367 p. :
_bil. ;
_c24 cm.
490 1 _aDrakontos
700 1 _aGarcía Sanz, José Javier.
_955280
830 0 _aDrakontos
_9179166
852 _aES-MaACL
_jL-25638
_bR.131372
999 _c19204
_d19204